00683nam a2200217Ia 4500003000900000008004100009040001300050040001300063041000800076100002100084245004100105250001900146260002500165260000900190300001000199490000600209600003200215942000700247999001700254952019400271IT-RoPAU120407s9999 xx 000 0 und d aIT-RoPAU cIT-RoPAU afra aClaude Francolin aLa vie passionnée de Paul Gauguin. aParis-Verviers aEd. Seghers-Gérard c1957 c21 cm v1 av. 1: Prima parte p.330 cBK c23822d23822 00102ddc406920_10000000000000071aPAULUSbPAULUSd2012-04-11l0o920.1r2012-04-11 00:00:00w2012-04-11yBKzInserito da: Jole In data: 30 luglio 2011 fondo: Via A.Severo 56 Progr:22423